[Event "Summer Prague Open 2025 - A"]
[Site "Olympik hotel, Sokolovska 138, Praha"]
[Date "2025.08.08"]
[Round "1"]
[Board "1"]
[White "Plasek, Zdenek"]
[Black "Prokofiev, Valentyn"]
[Result "0-1"]
[WhiteElo "1942"]
[BlackElo "2426"]
[PlyCount "0"]
[EventDate "2025.08.08"]
[EventRounds "9"]
[EventCountry "CZE"]

1. Nf3 c5 2. c4 g6 3. Nc3 Bg7 4. b3 Nc6 5. Bb2 d6 6. e3 Nf6 7. d4 cxd4 8. Nxd4 O-O
9. Be2 Nxd4 10. Qxd4 Be6 11. Qd2 Qa5 12. Ne4 Qxd2+ 13. Nxd2 Rfc8 14. O-O Ne4 15.
Nxe4 Bxb2 16. Rab1 Bg7 17. Bd3 a6 18. Rfc1 Bf5 19. f4 b5 20. c5 d5 21. Nf2 Bd7 22.
b4 Bc6 23. Be2 a5 24. Bf3 axb4 25. Nd3 Bc3 26. Rc2 Ra4 27. Ne5 e6 28. Be2 Be8 29.
c6 Bxe5 30. fxe5 Rxc6 31. Rbc1 Rxa2 32. Rxc6 Bxc6 33. Kf1 b3 34. Rb1 d4 35. Rxb3
Bxg2+ 36. Kxg2 Rxe2+  0-1

[Event "Summer Prague Open 2025 - A"]
[Site "Olympik hotel, Sokolovska 138, Praha"]
[Date "2025.08.08"]
[Round "1"]
[Board "2"]
[White "Stojanovic, Mihajlo"]
[Black "Ferraro, Luca"]
[Result "1-0"]
[WhiteElo "2397"]
[BlackElo "1939"]
[PlyCount "0"]
[EventDate "2025.08.08"]
[EventRounds "9"]
[EventCountry "CZE"]

1. Nf3 Nf6 2. c4 g6 3. Nc3 Bg7 4. e4 d6 5. d4 O-O 6. Be2 Bg4 7. Be3 Nfd7 8. O-O Nc6
9. d5 Bxf3 10. Bxf3 Na5 11. Be2 Bxc3 12. bxc3 e5 13. Rb1 b6 14. Bh6 Re8 15. Qd2 Nc5
16. f3 Nd7 17. g3 Nb7 18. h4 Nbc5 19. Rf2 Qe7 20. Qc2 a5 21. Bf1 a4 22. Bh3 a3 23.
Kf1 Ra5 24. Kg1 Raa8 25. Rb5 Ra7 26. Rh2 Raa8 27. Qd2 Ra4 28. Rb4 Raa8 29. Kf1 Qf6
30. Ke2 Qe7 31. Kd1 Ra5 32. Kc2 Rb8 33. Rh1 Re8 34. h5 Qf6 35. Bg4 Qe7 36. Rh3 Kh8
37. Rb1 Ra4 38. Bg5 Qf8 39. Rbh1 Qg7 40. Qh2 Nf8 41. h6  1-0

[Event "Summer Prague Open 2025 - A"]
[Site "Olympik hotel, Sokolovska 138, Praha"]
[Date "2025.08.08"]
[Round "1"]
[Board "3"]
[White "De Andres Gonalons, Fernando"]
[Black "Heinrich, John"]
[Result "0-1"]
[WhiteElo "1938"]
[BlackElo "2351"]
[PlyCount "0"]
[EventDate "2025.08.08"]
[EventRounds "9"]
[EventCountry "CZE"]

1. Nf3 Nf6 2. Nc3 d5 3. d4 c5 4. dxc5 e6 5. Bg5 Bxc5 6. e3 O-O 7. Be2 h6 8. Bxf6
Qxf6 9. O-O Nc6 10. a3 Rd8 11. Qd2 b6 12. Rfd1 Bb7 13. Qe1 Ne7 14. b4 Bd6 15. Nb5
Bb8 16. Qc3 Qxc3 17. Nxc3 Rc8 18. Rd3 e5 19. Rad1 e4  0-1

[Event "Summer Prague Open 2025 - A"]
[Site "Olympik hotel, Sokolovska 138, Praha"]
[Date "2025.08.08"]
[Round "1"]
[Board "4"]
[White "Horak, Martin"]
[Black "Bruessow, Nina"]
[Result "1-0"]
[WhiteElo "2348"]
[BlackElo "1937"]
[PlyCount "0"]
[EventDate "2025.08.08"]
[EventRounds "9"]
[EventCountry "CZE"]

1. e4 c5 2. Nf3 d6 3. d4 cxd4 4. Nxd4 Nf6 5. Nc3 a6 6. Be2 e5 7. Nb3 Be6 8. f4 Qc7
9. g4 Bc4 10. g5 Bxe2 11. Qxe2 Nfd7 12. Nd5 Qd8 13. Be3 Be7 14. f5 Nc6 15. Qh5 a5
16. c3 a4 17. Nd2 b5 18. Rf1 Nc5 19. f6 gxf6 20. gxf6 Bf8 21. O-O-O Qa5 22. Nf3 h6
23. Bxc5 dxc5 24. Nxe5 Nd8 25. Ne7  1-0

[Event "Summer Prague Open 2025 - A"]
[Site "Olympik hotel, Sokolovska 138, Praha"]
[Date "2025.08.08"]
[Round "1"]
[Board "5"]
[White "Cejka, Jan"]
[Black "Grezels, Florian"]
[Result "0-1"]
[WhiteElo "1930"]
[BlackElo "2340"]
[PlyCount "0"]
[EventDate "2025.08.08"]
[EventRounds "9"]
[EventCountry "CZE"]

1. e4 c6 2. Nf3 d5 3. d3 g6 4. e5 Bg7 5. d4 f6 6. c3 Bg4 7. Bf4 Nd7 8. h3 Bxf3 9.
Qxf3 fxe5 10. dxe5 Nxe5 11. Qg3 Nf7 12. Bd3 e5 13. Bd2 Nf6 14. Na3 O-O 15. h4 Nd6
16. f3 e4 17. Be2 exf3 18. gxf3 Qe7 19. Rh2 Nh5 20. Qg4 Qe5 21. Rf2 Nf4 22. Bxf4
Rxf4 23. Qg5 Nf5 24. Nc2 Bf6  0-1

[Event "Summer Prague Open 2025 - A"]
[Site "Olympik hotel, Sokolovska 138, Praha"]
[Date "2025.08.08"]
[Round "1"]
[Board "6"]
[White "Lalic, Bogdan"]
[Black "Chubar, Vladimir"]
[Result "1-0"]
[WhiteElo "2317"]
[BlackElo "1928"]
[PlyCount "0"]
[EventDate "2025.08.08"]
[EventRounds "9"]
[EventCountry "CZE"]

1. c4 g6 2. e4 Bg7 3. d4 c5 4. Nf3 cxd4 5. Nxd4 a6 6. Nc3 e6 7. Be2 Ne7 8. O-O O-O
9. Nb3 Nbc6 10. Be3 d5 11. cxd5 exd5 12. Nxd5 Nxd5 13. exd5 Nb4 14. Bc5 Nxd5 15.
Bxf8 Kxf8 16. Bf3 Be6 17. Nc5 Rb8 18. Nxe6+ fxe6 19. Qb3 Qd7 20. Rfd1 Rd8 21. Rd3
Qb5 22. Qxb5 axb5 23. Rad1 b4 24. Bxd5 exd5 25. Rxd5 Rxd5 26. Rxd5 Bxb2 27. Rb5 Bc3
28. Rxb7 h5 29. Kf1  1-0

[Event "Summer Prague Open 2025 - A"]
[Site "Olympik hotel, Sokolovska 138, Praha"]
[Date "2025.08.08"]
[Round "1"]
[Board "7"]
[White "Schuran, Werner"]
[Black "Toman, Ondrej"]
[Result "0-1"]
[WhiteElo "1926"]
[BlackElo "2311"]
[PlyCount "0"]
[EventDate "2025.08.08"]
[EventRounds "9"]
[EventCountry "CZE"]

1. e4 c6 2. d4 d5 3. e5 c5 4. dxc5 e6 5. Be3 Nd7 6. Bb5 Ne7 7. c3 Nc6 8. Nf3 Bxc5
9. Bxc5 Nxc5 10. Qd4 Qb6 11. Bxc6+ bxc6 12. b4 Na4 13. O-O O-O 14. Nbd2 Ba6 15. Rfc1
Rfc8 16. Nb3 c5 17. Qe3 Rab8 18. a3 h6 19. h3 Bb7 20. Kh2 d4 21. cxd4 cxb4 22. axb4
Qxb4 23. Nbd2 Rxc1 24. Rxc1 Nb6 25. Qc3 a5 26. Qd3 Bxf3 27. Nxf3 Nd5 28. Nd2 Ra8
29. Rb1 Qe7 30. Nc4 a4 31. Ra1 Qb4 32. Nd6 Qc3 33. Qxc3 Nxc3 34. Nc4 Nb5 35. Nb6
Ra6 36. Nxa4 Nc3 37. Rc1 Nxa4 38. Rc8+ Kh7 39. f4 Ra7 40. Rd8 Nc3 41. g4 Ra2+ 42.
Kg3 Ne2+ 43. Kf3 Ng1+ 44. Ke4 Nxh3 45. Rd7 Ra3  0-1

[Event "Summer Prague Open 2025 - A"]
[Site "Olympik hotel, Sokolovska 138, Praha"]
[Date "2025.08.08"]
[Round "1"]
[Board "8"]
[White "Petr, Jakub"]
[Black "Dudarec, Elias"]
[Result "1-0"]
[WhiteElo "2292"]
[BlackElo "1923"]
[PlyCount "0"]
[EventDate "2025.08.08"]
[EventRounds "9"]
[EventCountry "CZE"]

1. e4 e6 2. d4 d5 3. Nc3 Bb4 4. e5 c5 5. a3 Bxc3+ 6. bxc3 Qc7 7. Qg4 Ne7 8. Qxg7
Rg8 9. Qxh7 cxd4 10. Ne2 dxc3 11. f4 Bd7 12. Nd4 a6 13. Be3 Nbc6 14. Rb1 Rc8 15.
h4 Na5 16. h5 Nc4 17. Bxc4 Qxc4 18. Kf2 Bc6 19. Rb4 Qa2 20. Nxc6 Rxc6 21. Rxb7 d4
22. Rb8+ Kd7 23. Rxg8 dxe3+ 24. Kxe3 Nf5+ 25. Kf2 Qxc2+ 26. Kg1 Qc1+ 27. Kh2 Qxf4+
28. g3 Qf2+ 29. Kh3 Nd4 30. Rg4 Ke7 31. Rf4 Qxf4 32. gxf4 c2 33. Rc1 Nf5 34. Qh8
Rc3+ 35. Kh2  1-0

[Event "Summer Prague Open 2025 - A"]
[Site "Olympik hotel, Sokolovska 138, Praha"]
[Date "2025.08.08"]
[Round "1"]
[Board "9"]
[White "Jakubse, Tamae Severina"]
[Black "Kulhanek, Tomas"]
[Result "1/2-1/2"]
[WhiteElo "1922"]
[BlackElo "2289"]
[PlyCount "0"]
[EventDate "2025.08.08"]
[EventRounds "9"]
[EventCountry "CZE"]

1. e4 d6 2. d4 Nf6 3. Nc3 g6 4. Nf3 Bg7 5. Be2 O-O 6. h3 Nc6 7. O-O e5 8. dxe5 Nxe5
9. Bf4 Nxf3+ 10. Bxf3 Nd7 11. Qd2 Ne5 12. Be2 Re8 13. Bh6 Bxh6 14. Qxh6 f6 15. f4
Nf7 16. Qh4 c6 17. Kh1 b5 18. Bf3 Bb7 19. Rad1 Qe7 20. Rfe1 Kh8 21. a3 a5 22. Ne2
b4 23. Nd4 c5 24. Nb3 Ra7 25. Nd2 Ba6 26. Nf1 Bxf1  1/2-1/2

[Event "Summer Prague Open 2025 - A"]
[Site "Olympik hotel, Sokolovska 138, Praha"]
[Date "2025.08.08"]
[Round "1"]
[Board "10"]
[White "Walek, Petr"]
[Black "Hemmerling, Jaroslaw"]
[Result "1-0"]
[WhiteElo "2284"]
[BlackElo "1917"]
[PlyCount "0"]
[EventDate "2025.08.08"]
[EventRounds "9"]
[EventCountry "CZE"]

1. e4 e6 2. d4 d5 3. Nc3 Nc6 4. Nf3 Nf6 5. e5 Ne4 6. Bd3 Bb4 7. Bd2 Bxc3 8. Bxc3
Nxc3 9. bxc3 b6 10. h4 h6 11. h5 Bb7 12. Rh3 Qe7 13. Rg3 Qf8 14. Kf1 O-O-O 15. Kg1
Qa3 16. Rxg7 Qxc3 17. Qe1 Qxe1+ 18. Rxe1 Rdf8 19. c3 Rhg8 20. Rh7 Rh8 21. Rg7 Rhg8
22. Rh7 Rh8 23. Rxh8 Rxh8 24. Re3 Rg8 25. Nh2 Rg5 26. g4 Nd8 27. Rf3 Rg8 28. Rf6
Rh8 29. Kg2 Kd7 30. Kg3 Ke7 31. g5 hxg5 32. h6 Nc6 33. Nf3 Nd8 34. Nxg5 Bc6 35. Be2
Be8 36. Bh5 c5 37. Kf4 cxd4 38. cxd4 b5 39. Ke3 a5 40. a3 Rg8 41. f4 Rh8 42. Kd3
Rg8 43. Kc3 Rh8 44. Be2 Bd7 45. Bf3 Rg8 46. h7 Rh8 47. f5 exf5 48. Bxd5 Ne6 49. Rxf7+
Ke8 50. Bxe6 Bxe6 51. Rb7 b4+ 52. axb4 axb4+ 53. Kxb4 Bc8 54. Rc7  1-0

[Event "Summer Prague Open 2025 - A"]
[Site "Olympik hotel, Sokolovska 138, Praha"]
[Date "2025.08.08"]
[Round "1"]
[Board "11"]
[White "Migalko, Dmitriy"]
[Black "Jun, Rudolf"]
[Result "0-1"]
[WhiteElo "1915"]
[BlackElo "2283"]
[PlyCount "0"]
[EventDate "2025.08.08"]
[EventRounds "9"]
[EventCountry "CZE"]

1. e4 c5 2. Nf3 Nc6 3. Bb5 g6 4. O-O Bg7 5. c3 Nf6 6. Re1 O-O 7. d4 d5 8. e5 Ne4
9. Bxc6 bxc6 10. Be3 Qb6 11. Qc1 c4 12. Nbd2 Nxd2 13. Nxd2 Bf5 14. b4 a5 15. a3 Ra6
16. Qb2 Rfa8 17. Nf1 Qa7 18. Bc1 axb4 19. cxb4 f6 20. f4 Bd3 21. Kh1 fxe5 22. fxe5
Rf8 23. Ng3 h5 24. Bg5 Ra8 25. Bc1 Qd7 26. Ne2 Qf5 27. Nc3 e6 28. Be3 h4 29. a4 h3
30. gxh3 Qxh3 31. Rad1 Rxa4 32. Rxd3 cxd3 33. Nxa4 Rxa4 34. Qb3 d2 35. Rb1 Qf3+ 36.
Kg1 Rxb4  0-1

[Event "Summer Prague Open 2025 - A"]
[Site "Olympik hotel, Sokolovska 138, Praha"]
[Date "2025.08.08"]
[Round "1"]
[Board "12"]
[White "Lever, Erwan"]
[Black "Derypasko, Oleksii"]
[Result "1-0"]
[WhiteElo "2226"]
[BlackElo "1914"]
[PlyCount "0"]
[EventDate "2025.08.08"]
[EventRounds "9"]
[EventCountry "CZE"]

1. Nf3 Nf6 2. d4 g6 3. c4 Bg7 4. Nc3 d6 5. e4 O-O 6. Be2 Bg4 7. Be3 Nbd7 8. O-O Bxf3
9. Bxf3 e5 10. d5 Ne8 11. Be2 f5 12. f3 f4 13. Bf2 g5 14. b4 h5 15. c5 Nef6 16. cxd6
cxd6 17. Nb5 Nb6 18. a4 a6 19. a5 Nc8 20. Nc3 Rf7 21. Rc1 Bf8 22. Na4 Rg7 23. Rc3
g4 24. Bh4 g3 25. hxg3 Be7 26. gxf4 exf4 27. Qc1 Qe8 28. Qxf4 Qg6 29. Rf2 Ng4 30.
fxg4 Bxh4 31. g3 Bg5 32. Qf8+ Kh7 33. gxh5 Qxe4 34. Bd3  1-0

[Event "Summer Prague Open 2025 - A"]
[Site "Olympik hotel, Sokolovska 138, Praha"]
[Date "2025.08.08"]
[Round "1"]
[Board "13"]
[White "Sedlak, Milan"]
[Black "Brejnik, Gustav"]
[Result "0-1"]
[WhiteElo "1912"]
[BlackElo "2220"]
[PlyCount "0"]
[EventDate "2025.08.08"]
[EventRounds "9"]
[EventCountry "CZE"]

1. Nf3 d5 2. g3 c5 3. Bg2 Nc6 4. d3 e5 5. Nbd2 Be7 6. e4 d4 7. Nc4 Qc7 8. a4 h5 9.
h4 Nh6 10. Ng5 Bd7 11. f4 O-O-O 12. fxe5 f6 13. Nd6+ Bxd6 14. exd6 Qxd6 15. Bf4 Ne5
16. Nh3 Bg4 17. Qd2 Nhf7 18. Nf2 Bd7 19. b3 g5 20. hxg5 fxg5 21. Bxg5 Nxg5 22. Qxg5
Rhg8 23. Qh4 Rdf8 24. Ke2 Qh6 25. Nd1 Bg4+ 26. Ke1 Bxd1 27. Kxd1 Rf2  0-1

[Event "Summer Prague Open 2025 - A"]
[Site "Olympik hotel, Sokolovska 138, Praha"]
[Date "2025.08.08"]
[Round "1"]
[Board "14"]
[White "Toroptseva, Yevheniia"]
[Black "Sklenar, Tomas"]
[Result "1/2-1/2"]
[WhiteElo "2201"]
[BlackElo "1911"]
[PlyCount "0"]
[EventDate "2025.08.08"]
[EventRounds "9"]
[EventCountry "CZE"]

1. e4 c5 2. Nf3 e6 3. c3 Nf6 4. e5 Nd5 5. d4 cxd4 6. cxd4 d6 7. Bd3 Be7 8. O-O O-O
9. Nc3 Nxc3 10. bxc3 Qc7 11. Bf4 h6 12. Rc1 Nd7 13. Bb1 Rd8 14. Qd3 Nf8 15. h4 Bd7
16. Nh2 dxe5 17. Bxe5 Bd6 18. Ng4 Bxe5 19. Nxe5 Be8 20. Qe3 Rac8 21. Rfd1 f6 22.
Nd3 b6 23. c4 Bg6 24. a3 Qd7 25. Nb2 Bxb1 26. Rxb1 Qd6 27. c5 Qc6 28. Nd3 e5 29.
dxe5 bxc5 30. Rdc1 Qd5 31. Rxc5 Rxc5 32. Nxc5 Qxe5 33. Qxe5 fxe5 34. Rb7 Rd5 35.
Rc7 Rd1+ 36. Kh2 Rc1 37. f3 Rc3 38. Ne6 Rxc7 39. Nxc7 Kf7 40. Kg3 Nd7 41. Kf2 Nb6
42. Ke2 Nc4 43. a4 Ke7 44. h5 a5 45. Kd3 Nb2+  1/2-1/2

[Event "Summer Prague Open 2025 - A"]
[Site "Olympik hotel, Sokolovska 138, Praha"]
[Date "2025.08.08"]
[Round "1"]
[Board "15"]
[White "Machala, Vladislav"]
[Black "Rosen, Bernd"]
[Result "0-1"]
[WhiteElo "1907"]
[BlackElo "2181"]
[PlyCount "0"]
[EventDate "2025.08.08"]
[EventRounds "9"]
[EventCountry "CZE"]

1. e4 e6 2. d3 c5 3. Nf3 Nc6 4. c3 Nf6 5. h3 d5 6. e5 Nd7 7. d4 f6 8. exf6 Nxf6 9.
Bb5 Bd6 10. O-O O-O 11. Be3 cxd4 12. cxd4 Ne7 13. Bd3 Nf5 14. Bc1 Bd7 15. Nc3 Qb6
16. b3 Rac8 17. Bb2 Bb8 18. g4 Ne7 19. Qe2 Nc6 20. Rad1 Rce8 21. Ba3 Nb4 22. Bb1
Bc8 23. Ne5 Nd7 24. Na4 Qd6 25. f4 a5 26. Nc3 Nxe5 27. fxe5 Qa6 28. Qe3 Ba7 29. Ne2
Qb6 30. Kg2 Bd7 31. Nf4 Bb5 32. Rf2 Qd8 33. Kg3 Rf7 34. Rdd2 Qe7 35. Nd3 Ref8 36.
Rf4 Bxd3 37. Rxf7 Rxf7 38. Bxd3 Qd8 39. Bb1 Nc6 40. h4 g6 41. Bb2 Qe7 42. Qd3 Kg7
43. a3 Kg8 44. Qe3 Rf8 45. Rd1 Nxe5 46. Qe1 Nf3 47. Qh1 Bb8+ 48. Kg2 Nxh4+ 49. Kg1
Qg5 50. Qh3 Rf3 51. Bc1 Rxh3 52. Bxg5 Nf3+  0-1

[Event "Summer Prague Open 2025 - A"]
[Site "Olympik hotel, Sokolovska 138, Praha"]
[Date "2025.08.08"]
[Round "1"]
[Board "16"]
[White "Mannion, Stephen R"]
[Black "Thomas, Kenneth"]
[Result "1-0"]
[WhiteElo "2179"]
[BlackElo "1907"]
[PlyCount "0"]
[EventDate "2025.08.08"]
[EventRounds "9"]
[EventCountry "CZE"]

1. e4 c5 2. Nf3 d6 3. Bb5+ Bd7 4. Bxd7+ Qxd7 5. c4 Nf6 6. Nc3 g6 7. d4 cxd4 8. Nxd4
Bg7 9. f3 O-O 10. Be3 Nc6 11. O-O Rfc8 12. b3 e6 13. Qd2 Ne8 14. Rfd1 Rd8 15. Rac1
f5 16. Nde2 Qe7 17. Bg5 Bf6 18. Bxf6 Qxf6 19. Qe3 b6 20. Rd2 Ne5 21. Rcd1 Nf7 22.
f4 Rac8 23. Nd4 Nc7 24. Ndb5 Ne8 25. Re2 e5 26. Nd5 Qh4 27. exf5 gxf5 28. fxe5 dxe5
29. Qf2 Qxf2+ 30. Rxf2  1-0

[Event "Summer Prague Open 2025 - A"]
[Site "Olympik hotel, Sokolovska 138, Praha"]
[Date "2025.08.08"]
[Round "1"]
[Board "17"]
[White "Markina, Sofiia"]
[Black "Cherniack, Alex"]
[Result "1-0"]
[WhiteElo "1904"]
[BlackElo "2175"]
[PlyCount "0"]
[EventDate "2025.08.08"]
[EventRounds "9"]
[EventCountry "CZE"]

1. e4 e5 2. Nf3 Nc6 3. Bc4 Nf6 4. d3 Be7 5. O-O O-O 6. c3 d6 7. Nbd2 Na5 8. Bb5 a6
9. Ba4 c5 10. Re1 b5 11. Bc2 Qc7 12. Nf1 Nc6 13. Ng3 Re8 14. Nh4 g6 15. f4 Nxe4 16.
dxe4 Bxh4 17. f5 Kh8 18. Rf1 Bb7 19. Qg4 Qe7 20. Bh6 Rg8 21. Rf3 gxf5 22. Qh5 Bxg3
23. hxg3 f6 24. Raf1 Nd8 25. Rxf5 Rg6 26. Rxf6  1-0

[Event "Summer Prague Open 2025 - A"]
[Site "Olympik hotel, Sokolovska 138, Praha"]
[Date "2025.08.08"]
[Round "1"]
[Board "18"]
[White "Czaeczine, Anne"]
[Black "Cuthbert, Michael"]
[Result "0-1"]
[WhiteElo "2168"]
[BlackElo "1901"]
[PlyCount "0"]
[EventDate "2025.08.08"]
[EventRounds "9"]
[EventCountry "CZE"]

1. e4 e6 2. d4 d5 3. e5 c5 4. c3 Nc6 5. Nf3 Bd7 6. Be2 Rc8 7. O-O a6 8. dxc5 Bxc5
9. b4 Bb6 10. a3 Bc7 11. Bf4 Nge7 12. Re1 h6 13. Bd3 g5 14. Bg3 Nf5 15. h3 Nxg3 16.
fxg3 h5 17. b5 axb5 18. Bxb5 g4 19. Nd4 Nxe5 20. Bxd7+ Qxd7 21. Ra2 Qd6 22. Rae2
f6 23. Rf2 Rh6 24. Qd2 Rg6 25. Qc2 Kf7 26. Qe2 Kg7 27. hxg4 hxg4 28. Rf4 Bb6 29.
Qb5 Nc4 30. Kf1 Bxd4 31. cxd4 Rc7 32. Qb3 e5 33. dxe5 fxe5 34. Rf2 Rf6 35. Ree2 Rcf7
36. Ke1 Qc5 37. Qc2 e4 38. Nc3 Rxf2 39. Rxf2 Qe3+ 40. Kf1 Rxf2+  0-1

[Event "Summer Prague Open 2025 - A"]
[Site "Olympik hotel, Sokolovska 138, Praha"]
[Date "2025.08.08"]
[Round "1"]
[Board "19"]
[White "Kucera, Michal"]
[Black "Botea, David-Alexandru"]
[Result "0-1"]
[WhiteElo "1900"]
[BlackElo "2166"]
[PlyCount "0"]
[EventDate "2025.08.08"]
[EventRounds "9"]
[EventCountry "CZE"]

1. e4 c5 2. Nf3 d6 3. d4 cxd4 4. Nxd4 Nf6 5. Nc3 a6 6. Bg5 e6 7. f4 Nbd7 8. Qf3 Qc7
9. O-O-O Be7 10. g4 h6 11. Bh4 g5 12. fxg5 Ne5 13. Qe2 Nfxg4 14. h3 hxg5 15. Bg3
Nf6 16. Bg2 Bd7 17. Nb3 Nh5 18. Bh2 Ng6 19. Qf2 Nhf4 20. Bxf4 Nxf4 21. Bf1 Bf6 22.
Ne2 Rh4 23. Nxf4 Rxf4 24. Qe3 Rc8 25. Bd3 a5 26. Nd4 Qc5  0-1

[Event "Summer Prague Open 2025 - A"]
[Site "Olympik hotel, Sokolovska 138, Praha"]
[Date "2025.08.08"]
[Round "1"]
[Board "20"]
[White "Domanskiy, Mykola"]
[Black "Avcu, Uraz"]
[Result "1-0"]
[WhiteElo "2166"]
[BlackElo "1896"]
[PlyCount "0"]
[EventDate "2025.08.08"]
[EventRounds "9"]
[EventCountry "CZE"]

1. e4 c5 2. Nf3 d6 3. d4 cxd4 4. Nxd4 Nf6 5. Nc3 a6 6. h3 e5 7. Nf3 Be7 8. g4 O-O
9. g5 Nfd7 10. h4 Nc5 11. Bh3 Be6 12. Be3 Qc8 13. Nd5 Bd8 14. Bxc5 Qxc5 15. c3 Qc8
16. Bxe6 fxe6 17. Nb4 Nc6 18. Nd3 b5 19. Kf1 Qb7 20. Qe2 Bb6 21. Kg2 Ne7 22. h5 Rac8
23. Nd2 b4 24. Rac1 bxc3 25. bxc3 Qa7 26. Qg4 Bxf2 27. Qxe6+ Kh8 28. Rcf1 Be3 29.
Nc4 Bxg5 30. Nxd6 Qe3 31. Rh3 Qe2+ 32. Rf2 Rxf2+ 33. Nxf2 Rf8 34. Nf7+ Rxf7 35. Qxf7
h6 36. Rd3 Bh4 37. Rd8+ Kh7 38. Qf8 Qxh5 39. Qh8+ Kg6 40. Qe8+ Kg5 41. Nh3+ Kg4 42.
Qd7+ Nf5 43. Qd1#  1-0

[Event "Summer Prague Open 2025 - A"]
[Site "Olympik hotel, Sokolovska 138, Praha"]
[Date "2025.08.08"]
[Round "1"]
[Board "21"]
[White "Mikhno, Artem"]
[Black "Garbrecht, Jan"]
[Result "1/2-1/2"]
[WhiteElo "1895"]
[BlackElo "2160"]
[PlyCount "0"]
[EventDate "2025.08.08"]
[EventRounds "9"]
[EventCountry "CZE"]

1. d4 g6 2. c4 Bg7 3. Nc3 d6 4. Nf3 e5 5. dxe5 dxe5 6. Qxd8+ Kxd8 7. Bg5+ f6 8. O-O-O+
Bd7 9. Be3 Nh6 10. h3 Kc8 11. g4 f5 12. Nxe5 Bxe5 13. Bxh6 fxg4 14. hxg4 Bxg4 15.
Rh4 Bf5 16. Nd5 Nc6 17. e4 Be6 18. f4 Bd6 19. e5 Be7 20. Nxe7+ Nxe7 21. Bg5 Nf5 22.
Rxh7 Rg8 23. Bh3 a5 24. Re7 Ra6 25. Rd6 cxd6 26. Rxe6 dxe5 27. Rxe5 Rf8 28. Kc2 Kc7
29. Kc3 a4 30. c5 Raa8 31. Re6 Rae8 32. Bxf5 gxf5 33. Rh6 Re4 34. Rh2 Kc6 35. Rh7
Kxc5 36. Be7+ Rxe7 37. Rxe7 Rh8 38. Re5+ Kc6 39. Rxf5 Rh3+ 40. Kb4 Rh2 41. Ka3 Rf2
42. b3 b5 43. bxa4 bxa4 44. Rf8 Kb5 45. Rb8+ Ka5 46. Ra8+ Kb5 47. Rb8+ Ka5 48. Rf8
Kb5 49. f5 Rf3+ 50. Kb2 Rf2+ 51. Kb1 Rf1+  1/2-1/2

[Event "Summer Prague Open 2025 - A"]
[Site "Olympik hotel, Sokolovska 138, Praha"]
[Date "2025.08.08"]
[Round "1"]
[Board "22"]
[White "Vilimek, Vit"]
[Black "Palka, Dominika"]
[Result "1/2-1/2"]
[WhiteElo "2159"]
[BlackElo "1890"]
[PlyCount "0"]
[EventDate "2025.08.08"]
[EventRounds "9"]
[EventCountry "CZE"]

1. e4 c5 2. Nf3 d6 3. d4 cxd4 4. Nxd4 Nf6 5. Nc3 Nc6 6. Bg5 e6 7. Qd2 Be7 8. O-O-O
a6 9. f4 Bd7 10. Nf3 b5 11. e5 b4 12. Ne2 dxe5 13. fxe5 Nd5 14. Bxe7 Ncxe7 15. Nf4
Nxf4 16. Qxf4 Nd5 17. Qg3 Qc7 18. Qxg7 Rf8 19. Ng5 b3 20. axb3 Nb4 21. Bc4 Qa5 22.
Rxd7 Qa1+ 23. Kd2 Qxh1 24. Nxe6 Kxd7 25. Nxf8+ Rxf8 26. e6+ Ke7 27. Qg5+ Kd6 28.
Qf4+ Ke7 29. Qh4+ Kd6 30. Qd4+ Ke7 31. Qc5+ Kf6 32. Qxb4 Rd8+ 33. Ke3 Qc1+ 34. Kf3
Qxc2 35. exf7 Qf5+ 36. Ke3 Qe5+ 37. Kf3 Qf5+ 38. Ke3 Qe5+  1/2-1/2

[Event "Summer Prague Open 2025 - A"]
[Site "Olympik hotel, Sokolovska 138, Praha"]
[Date "2025.08.08"]
[Round "1"]
[Board "23"]
[White "Rubin, Andrej"]
[Black "Zvolensky, David"]
[Result "0-1"]
[WhiteElo "1890"]
[BlackElo "2154"]
[PlyCount "0"]
[EventDate "2025.08.08"]
[EventRounds "9"]
[EventCountry "CZE"]

1. e4 e6 2. d4 d5 3. e5 c5 4. c3 Qb6 5. Nf3 Bd7 6. Bd3 Bb5 7. O-O Bxd3 8. Qxd3 Qa6
9. Qc2 cxd4 10. cxd4 Nc6 11. Nc3 Nge7 12. Be3 Nf5 13. Rac1 Be7 14. Qa4 Qb6 15. Qb5
Qxb5 16. Nxb5 Kd7 17. a3 a6 18. Nc3 b5 19. b4 Rhb8 20. Rb1 a5 21. bxa5 Rxa5 22. Rfe1
Bxa3 23. g4 Nxe3 24. Rxe3 Be7 25. Ne2 Ra3 26. Rxa3 Bxa3 27. Nd2 Be7 28. Nb3 Ra8 29.
Kf1 b4 30. Nec1 Na5 31. Nxa5 Rxa5 32. Nd3 Ra7 33. Ke2 Rc7 34. Ke3 Rc3 35. Kd2 Rc4
36. Ke3 Kc6 37. f4 Kb5 38. h3 Rc3 39. Kd2 Kc4 40. Nc1 b3 41. Ne2 Rd3+ 42. Ke1 Bb4+
43. Kf2 Rd2 44. Ke3 Rc2 45. f5 b2 46. h4 Kb3 47. fxe6 fxe6 48. Nf4 Bd2+  0-1

[Event "Summer Prague Open 2025 - A"]
[Site "Olympik hotel, Sokolovska 138, Praha"]
[Date "2025.08.08"]
[Round "1"]
[Board "24"]
[White "Lihotsky, Lukas"]
[Black "Arres Mouti, Mounir"]
[Result "1-0"]
[WhiteElo "2153"]
[BlackElo "1889"]
[PlyCount "0"]
[EventDate "2025.08.08"]
[EventRounds "9"]
[EventCountry "CZE"]

1. d4 d5 2. c4 e6 3. Nc3 Nf6 4. cxd5 exd5 5. Bg5 c6 6. e3 Be7 7. Bd3 Nbd7 8. Nf3
h6 9. Bf4 Nh5 10. O-O Nxf4 11. exf4 O-O 12. h3 Re8 13. Qc2 Nf8 14. Rfe1 Ne6 15. f5
Nf4 16. Bf1 Qd7 17. g3 Nh5 18. Rad1 Bd6 19. Bd3 Kf8 20. Rxe8+ Qxe8 21. Re1 Qd8 22.
Qe2 Bd7 23. Ne5 Nf6 24. f4 Qb6 25. Qf2 Be8 26. Kh1 c5 27. dxc5 Bxc5 28. Qg2 Rd8 29.
g4 d4 30. Ne4 Nd5 31. Nxc5 Qxc5 32. Qd2 Ne3 33. Be4 Qe7 34. Bg2 Qh4 35. Nf3 Qf6 36.
Ne5 Bc6 37. Bxc6 bxc6 38. Qf2 Qd6 39. Kh2 Qd5 40. b3 c5 41. Rc1 h5 42. Kg3 f6 43.
Nd3 c4 44. bxc4 Nxc4 45. Qc2 Rc8 46. Qb3 g5 47. fxg6 hxg4 48. hxg4 Kg7 49. Nb2 Re8
50. Qxc4 Re3+ 51. Kh4 Rh3+ 52. Kxh3 Qf3+ 53. Kh2 Qxf4+ 54. Kg2 Qd2+ 55. Kf1 Qxb2
56. Qc7+ Kxg6 57. Qc2+  1-0

[Event "Summer Prague Open 2025 - A"]
[Site "Olympik hotel, Sokolovska 138, Praha"]
[Date "2025.08.08"]
[Round "1"]
[Board "25"]
[White "Amulya, Guruprasad"]
[Black "Grochol, Kamil"]
[Result "1/2-1/2"]
[WhiteElo "1887"]
[BlackElo "2150"]
[PlyCount "0"]
[EventDate "2025.08.08"]
[EventRounds "9"]
[EventCountry "CZE"]

1. e4 Nf6 2. e5 Nd5 3. c4 Nb6 4. d4 d6 5. Nf3 Bg4 6. exd6 exd6 7. Be2 Be7 8. O-O
O-O 9. Qd3 Re8 10. Nc3 Bh5 11. Be3 Nc6 12. b3 Bg6 13. Qd2 Bf6 14. d5 Ne7 15. Nd4
Bxd4 16. Bxd4 Nf5 17. f4 Nxd4 18. Qxd4 f5 19. Rf3 Nd7 20. Rg3 Nf6 21. Bd3 Nh5 22.
Rg5 Qf6 23. Qxf6 gxf6 24. Rxh5 Bxh5 25. Bxf5 Bf7 26. Nb5 Re7 27. Kf2 Rae8 28. Bd3
a6 29. Nd4 Bg6 30. f5 Re3 31. Rd1 Bh5 32. Rd2 R3e7 33. h3 Re5 34. g4 Bf7 35. Be2
a5 36. Bf3 h6 37. Nb5 R8e7 38. Kg3 Re1 39. h4 Kg7 40. Kf4 Rg1 41. Nc3 Be8 42. Ne2
Rf1 43. Ng3 Rg1 44. Ne2 Rf1 45. Nd4 Bd7 46. g5 hxg5+ 47. hxg5 fxg5+ 48. Kxg5 Re5
49. Bg4 Rg1 50. Kf4 Kf6 51. Nf3 Rf1 52. Bh3 Rxf3+ 53. Kxf3 Bxf5 54. Bxf5 Kxf5 55.
Rh2 Re7 56. Rh8 Kg5  1/2-1/2